Zmeny vo fiškálnych pravidlách EÚ po dlhovej kríze eurozóny bakalárska práca

Guardado en:
Detalles Bibliográficos
Autor principal: Baranovičová, Katarína
Autor Corporativo: Národohospodárska fakulta EU. Katedra ekonómie
Otros Autores: Kálovec, Marek
Formato: Libro
Lenguaje:eslovaco
Publicado: Bratislava 2019
Etiquetas: Agregar Etiqueta
Sin Etiquetas, Sea el primero en etiquetar este registro!

MARC

LEADER 00000nbm a2200000 4500
001 0256569
005 20200113142218.3
041 0 |a slo 
044 |a SK 
245 1 0 |a Zmeny vo fiškálnych pravidlách EÚ po dlhovej kríze eurozóny  |b bakalárska práca  |c Katarína Baranovičová ; školiteľ: Marek Kálovec 
264 1 |a Bratislava  |c 2019 
300 |a 60 s. 
100 1 |a Baranovičová, Katarína 
700 1 |a Kálovec, Marek 
710 2 |a Národohospodárska fakulta EU. Katedra ekonómie